000 00633nam a2200229Ia 4500
005 20241129104124.0
008 241129s9999||||xx |||||||||||||| ||und||
020 _a9789356401297
037 _aTextual
040 _aRTL
_beng
_cRTL
041 _aeng
_2eng
084 _aX:9-8 R2
_qRTL
100 _aBratton John; Gold Jeff
_9724874
245 0 _aHuman resource management: A critical approach
_cBratton John; Gold Jeff
250 _a7th
260 _aNew Delhi
_bBloomsbury
_c2022
300 _axxxiii,506p.
365 _aINR
_b999
650 _aCommerce
942 _cTB
_hX:9-8 R2
999 _c1224514
_d1224514